000 00525nam a2200181 i 4500
001 85130
003 ES-MaACL
005 20230906175203.0
007 t|
008 041125s1971 sp ||||1| spa d
100 1 _aJotterand, Franck.
_967010
245 1 3 _aEl nuevo teatro norteamericano /
_cFranck Jotterand ; [traducción de Jordi Marfá].
250 _a[1ª ed.].
260 _a[Barcelona] :
_bBarral,
_c1971.
300 _a294 p. ;
_c20 cm.
700 1 _aMarfà, Jordi.
_976598
852 _aES-MaACL
_jC-41169
_bR.80272
999 _c85130
_d85130